[Event "HCL-B030"]
[Site "www.playchess.de"]
[Date "2001.02.14"]
[Round "35"]
[White "Gabriele"]
[Black "King_Safety"]
[WhiteElo "1500"]
[BlackElo "1500"]
[PlyCount "53"]
[Result "1/2-1/2"]

1.b4 d5 2.Bb2 Bg4 3.c4 c6 4.Qb3 Nf6 5.e3 e6 6.d3 
Be7 7.Nd2 Qb6 8.c5 Qc7 9.Bxf6 Bxf6 10.d4 Nd7 
11.Be2 Bxe2 12.Nxe2 O-O 13.O-O e5 14.Nf3 Rfe8 
15.Rfe1 e4 16.Nd2 Bg5 17.Ng3 Nf6 18.Nf5 Ng4 19.Nd6 
Red8 20.h3 Nf6 21.a3 Ne8 22.Nxe8 Rdxe8 23.Nf1 Re6 
24.Ng3 Rf6 25.Qd1 Bh4 26.Qg4 Bxg3 
27.Qxg3 1/2-1/2

[Event "ACL-A061"]
[Site "www.playchess.de"]
[Date "2001.02.14"]
[Round "2"]
[White "dakini"]
[Black "terrydean"]
[WhiteElo "1403"]
[BlackElo "1500"]
[PlyCount "23"]
[Result "1-0"]

1.e4 e5 2.f4 exf4 3.Nf3 g5 4.Bc4 Bg7 5.O-O d6 6.d4 
h6 7.Nc3 g4 8.Ne1 f3 9.gxf3 gxf3 10.Bxf7+ Kxf7 
11.Qxf3+ Qf6 12.Qg3 1-0

[Event "ACL-A061"]
[Site "www.playchess.de"]
[Date "2001.02.14"]
[Round "3"]
[White "iq160"]
[Black "dakini"]
[WhiteElo "1500"]
[BlackElo "1403"]
[PlyCount "53"]
[Result "1-0"]

1.e4 e5 2.Bc4 Nf6 3.d3 c6 4.Bb3 d5 5.Nf3 Bg4 6.h3 
Bxf3 7.Qxf3 a5 8.a4 Bb4+ 9.c3 Be7 10.Be3 d4 11.Bg5 
Nbd7 12.O-O Qb6 13.Nd2 Nc5 14.Ba2 Qxb2 15.Nc4 Qxc3 
16.Nxe5 O-O 17.Rfc1 Qb4 18.Bxf7+ Rxf7 19.Nxf7 Kxf7 
20.e5 Nb3 21.Rab1 Qxa4 22.Rce1 Nd2 23.Bxd2 Bb4 
24.exf6 gxf6 25.Qh5+ Kg8 26.Bxb4 axb4 
27.Re7 1-0

[Event "ACL-A061"]
[Site "www.playchess.de"]
[Date "2001.02.14"]
[Round "5"]
[White "Fleischer"]
[Black "iq160"]
[WhiteElo "1500"]
[BlackElo "1500"]
[PlyCount "28"]
[Result "1/2-1/2"]

1.e4 e6 2.d4 d5 3.Nc3 Bb4 4.Nge2 dxe4 5.a3 Bxc3+ 
6.Nxc3 f5 7.f3 exf3 8.Qxf3 Qxd4 9.Qg3 Nf6 10.Qxg7 
Qe5+ 11.Be2 Rg8 12.Qh6 Rg6 13.Qh4 Rg4 14.Qh6 
Rg6 1/2-1/2

[Event "ACL-A061"]
[Site "www.playchess.de"]
[Date "2001.02.14"]
[Round "7"]
[White "Bill"]
[Black "terrydean"]
[WhiteElo "1500"]
[BlackElo "1500"]
[PlyCount "42"]
[Result "1-0"]

1.e4 e5 2.Nf3 Nc6 3.Bb5 a6 4.Ba4 Nf6 5.O-O Be7 
6.Re1 b5 7.Bb3 d6 8.c3 O-O 9.h3 a5 10.d4 a4 11.Bc2 
Bd7 12.Na3 Na7 13.dxe5 dxe5 14.Nxe5 Re8 15.Nxd7 
Nxd7 16.b4 axb3 17.e.p axb3 18.b4 Nb1 19.c5 e5 
20.Qb6 Qxd7 21.Rad8 Qxa7 1-0

[Event "ACL-A061"]
[Site "www.playchess.de"]
[Date "2001.02.14"]
[Round "8"]
[White "iq160"]
[Black "Bill"]
[WhiteElo "1500"]
[BlackElo "1500"]
[PlyCount "52"]
[Result "1/2-1/2"]

1.e4 e5 2.Nf3 Nc6 3.d4 exd4 4.Nxd4 Nf6 5.Nxc6 bxc6 
6.e5 Qe7 7.Qe2 Nd5 8.c4 Nb6 9.Nc3 Qe6 10.Qe4 Bb4 
11.Bd2 a5 12.f4 d5 13.exd6 e.p 14.cxd6 O-O-O 
15.Qxe4 Nxe4 16.d5 cxd5 17.cxd5 Bxb4 18.axb4 Nd6+ 
19.Ke7 Nxc8+ 20.Rhxc8+ Kb1 21.Kd6 Bd3 22.g6 f5 
23.Ra7 fxg6 24.fxg6 Rhf1 25.Nc4 Rfe1 26.Ne5 
g3 1/2-1/2

[Event "ACL-A061"]
[Site "www.playchess.de"]
[Date "2001.02.14"]
[Round "9"]
[White "Bill"]
[Black "dakini"]
[WhiteElo "1500"]
[BlackElo "1403"]
[PlyCount "37"]
[Result "1-0"]

1.e4 e5 2.Nf3 Nc6 3.Bb5 Nf6 4.O-O Bc5 5.Nxe5 Nxe5 
6.d4 Qe7 7.dxc5 Nxe4 8.Qd5 Nf6 9.Qd4 b6 10.cxb6 
axb6 11.Bf4 c6 12.Bxe5 cxb5 13.Nc3 O-O 14.Bd6 Qe6 
15.Bxf8 Bb7 16.Ba3 Ng4 17.Rae1 Qg6 18.Qxd7 Nf6 
19.Qxb7 1-0

[Event "ACL-A061"]
[Site "www.playchess.de"]
[Date "2001.02.14"]
[Round "10"]
[White "Fleischer"]
[Black "Bill"]
[WhiteElo "1500"]
[BlackElo "1500"]
[PlyCount "73"]
[Result "1/2-1/2"]

1.e4 e5 2.f4 Bc5 3.Nf3 d6 4.Nc3 Nf6 5.Bc4 Nc6 6.d3 
a6 7.fxe5 dxe5 8.Bg5 Qd6 9.Nd5 Nxd5 10.Bxd5 f6 
11.Bh4 Be6 12.Bxe6 Qxe6 13.Rf1 Rd8 14.Qe2 O-O 
15.a3 Nd4 16.Nxd4 Bxd4 17.c3 Bb6 18.Rf5 Qb3 19.Rd1 
Rd6 20.Bf2 Rfd8 21.Bh4 c6 22.g4 h6 23.Bg3 R6d7 
24.h4 Qb5 25.Rf3 c5 26.Rd2 Qc6 27.g5 c4 28.gxh6 
gxh6 29.h5 Kf7 30.b4 Kg8 31.Bh4 cxd3 32.Rg3+ Rg7 
33.Rdxd3 Rxd3 34.Qxd3 f5 35.Rxg7+ Kxg7 36.exf5 
Qh1+ 37.Kd2 1/2-1/2

[Event "HCL-A017"]
[Site "www.playchess.de"]
[Date "2001.02.15"]
[Round "2"]
[White "Milamber"]
[Black "Svetchka"]
[WhiteElo "1900"]
[BlackElo "1985"]
[PlyCount "109"]
[Result "1-0"]

1.d4 d5 2.c4 e5 3.dxe5 d4 4.Nf3 Nc6 5.g3 Bg4 6.Bg2 
Qd7 7.O-O f6 8.exf6 Nxf6 9.Qb3 Bxf3 10.Bxf3 O-O-O 
11.Bg5 Be7 12.Na3 a6 13.Rfd1 Qe6 14.Nc2 Bc5 15.Ne1 
Rdf8 16.Bxf6 Rxf6 17.Nd3 Ba7 18.c5 h5 19.Qxe6+ 
Rxe6 20.h4 Ne5 21.Nxe5 Rxe5 22.b4 Rd8 23.Rd3 a5 
24.a3 b6 25.c6 a4 26.Rad1 b5 27.e3 Rf5 28.Bg2 Rf6 
29.exd4 Rfd6 30.Bh3+ Kb8 31.Bd7 Rf8 32.Kg2 Bb6 
33.f4 Rf7 34.Re1 Rxd4 35.Rxd4 Bxd4 36.Rd1 Bb6 
37.Rd5 g6 38.Be8 Rf6 39.Rxb5 Re6 40.Re5 Rd6 41.Rg5 
Rd3 42.Bxg6 Rxa3 43.Rxh5 Rb3 44.Bf7 Rxb4 45.Kf3 a3 
46.g4 Rb2 47.g5 a2 48.Bxa2 Rxa2 49.g6 Bd4 50.Rh7 
Ra6 51.Ke4 Rxc6 52.Kxd4 Rxg6 53.f5 Rg1 54.f6 Rd1+ 
55.Ke5 1-0

[Event "HCL-A037"]
[Site "www.playchess.de"]
[Date "2001.02.15"]
[Round "1"]
[White "gallowglass"]
[Black "Spade"]
[WhiteElo "2071"]
[BlackElo "2055"]
[PlyCount "43"]
[Result "1-0"]

1.e4 e5 2.d4 exd4 3.Nf3 Bb4+ 4.c3 dxc3 5.Nxc3 Nf6 
6.Bc4 O-O 7.Bg5 Nc6 8.Qc2 h6 9.h4 hxg5 10.hxg5 
Bxc3+ 11.bxc3 Nxe4 12.O-O-O Qe7 13.Rh5 g6 14.Rh6 
Kg7 15.Rdh1 Nxg5 16.Kb1 Nxf3 17.Bxf7 Nfe5 18.f4 
Rxf7 19.R6h7+ Kg8 20.R7h8+ Kg7 21.R8h7+ Kf6 
22.fxe5+ 1-0

[Event "HCL-A043"]
[Site "www.playchess.de"]
[Date "2001.02.15"]
[Round "1"]
[White "Chris"]
[Black "Kanenda"]
[WhiteElo "2044"]
[BlackElo "1600"]
[PlyCount "88"]
[Result "0-1"]

1.e4 e6 2.d4 d5 3.e5 c5 4.c3 Qb6 5.Nf3 Bd7 6.a3 
Ne7 7.Be2 cxd4 8.Qxd4 Qxd4 9.cxd4 Nbc6 10.O-O f6 
11.exf6 gxf6 12.Bf4 Bg7 13.Nc3 e5 14.Be3 Bg4 
15.Rfd1 e4 16.Ne1 Bxe2 17.Nxe2 Kf7 18.b4 a6 
19.Rac1 Rac8 20.g3 f5 21.Ng2 Ng6 22.Ngf4 Nxf4 
23.Nxf4 Ne7 24.Kf1 Rc4 25.Ne2 b5 26.Ke1 Rhc8 
27.Kd2 Ke6 28.Rc3 R8c6 29.Rdc1 Nc8 30.Nf4+ Kd6 
31.Ne2 Nb6 32.Bf4+ Ke6 33.Be3 Nc8 34.h3 Nb6 35.g4 
fxg4 36.hxg4 Bf6 37.Nf4+ Kd6 38.Ne2 R4xc3 39.Rxc3 
Rxc3 40.Kxc3 Nc4 41.Bf4+ Ke6 42.Bc1 Nb6 43.Nf4+ 
Kd6 44.Ng2 Na4+ 0-1

[Event "HCL-A044"]
[Site "www.playchess.de"]
[Date "2001.02.15"]
[Round "4"]
[White "Lasker"]
[Black "Eaglewingz"]
[WhiteElo "1700"]
[BlackElo "1348"]
[PlyCount "57"]
[Result "1-0"]

1.Nf3 c5 2.g3 Nc6 3.Bg2 e5 4.c4 g6 5.d3 Bg7 6.Nc3 
Nge7 7.Rb1 O-O 8.O-O d6 9.a3 a5 10.Ne1 Be6 11.Nc2 
d5 12.cxd5 Nxd5 13.Ne3 Nde7 14.Bd2 b6 15.f4 f5 
16.fxe5 Nxe5 17.Bxa8 Qxa8 18.b4 c4 19.dxc4 Nxc4 
20.Nxc4 Bxc4 21.Re1 Rd8 22.Qc1 Nc6 23.Be3 Nd4 
24.bxa5 bxa5 25.Rd1 Nxe2+ 26.Nxe2 Bxe2 27.Rxd8+ 
Qxd8 28.Qc6 Qd3 29.Qe6+ 1-0

[Event "HCL-A045"]
[Site "www.playchess.de"]
[Date "2001.02.15"]
[Round "9"]
[White "DKCozy"]
[Black "BOSTER"]
[WhiteElo "1772"]
[BlackElo "1803"]
[PlyCount "39"]
[Result "1/2-1/2"]

1.f4 d5 2.Nf3 Nf6 3.e3 g6 4.b3 Bg7 5.Bb2 O-O 6.Be2 
c5 7.O-O Nc6 8.Qe1 Qc7 9.d3 Re8 10.Nbd2 d4 11.exd4 
Nd5 12.Qf2 cxd4 13.Nxd4 Qxf4 14.Qxf4 Nxf4 15.Rxf4 
e5 {Hey DKCozy! Thank You for attention.}  16.Re4 
f5 17.Nxf5 Bxf5 18.Rc4 Be6 19.Re4 Bf5 
20.Rc4 1/2-1/2

[Event "HCL-A047"]
[Site "www.playchess.de"]
[Date "2001.02.15"]
[Round "2"]
[White "Dio"]
[Black "Werner"]
[WhiteElo "2195"]
[BlackElo "1818"]
[PlyCount "62"]
[Result "0-1"]

1.e4 Nf6 2.e5 Nd5 3.Nc3 Nxc3 4.dxc3 d6 5.Nf3 dxe5 
6.Qxd8+ Kxd8 7.Nxe5 Ke8 8.Bc4 e6 9.O-O Bd6 10.Re1 
Nd7 11.Nf3 Nb6 12.Bb3 Bd7 13.Ng5 Bc6 14.Nxe6 fxe6 
15.Rxe6+ Kd7 16.Bg5 Na4 17.Bc1 Rhe8 18.Rxe8 Rxe8 
19.Be3 Nxb2 20.Rb1 Na4 21.Bxa4 Bxa4 22.Rxb7 Bc5 
23.h3 Bxe3 24.fxe3 Rxe3 25.Rxa7 Bc6 26.Ra5 Rxc3 
27.Rg5 g6 28.h4 Rxc2 29.h5 Rxg2+ 30.Rxg2 Bxg2 
31.Kxg2 gxh5 0-1

[Event "HCL-A048"]
[Site "www.playchess.de"]
[Date "2001.02.15"]
[Round "11"]
[White "sazex"]
[Black "Mathemagician"]
[WhiteElo "1642"]
[BlackElo "1541"]
[PlyCount "55"]
[Result "1-0"]

1.e4 c5 2.Nf3 d6 3.d4 cxd4 4.Nxd4 Nf6 5.Nc3 g6 
6.Be2 Bg7 7.O-O O-O 8.Be3 Nc6 9.Qd2 Bd7 10.Rad1 
Qc7 11.f4 a6 12.a3 Rac8 13.Rfe1 Nxd4 14.Bxd4 Bc6 
15.Qe3 e5 16.fxe5 dxe5 17.Bb6 Qb8 18.Rd2 Nd7 
19.Ba5 b5 20.Bb4 Rfd8 21.Bg4 h5 22.Bh3 Qb7 23.Red1 
Bf8 24.Bxf8 Kxf8 25.Qh6+ Kg8 26.Bxd7 Rxd7 27.R2xd7 
Bxd7 28.Nd5 1-0

[Event "HCL-A062"]
[Site "www.playchess.de"]
[Date "2001.02.15"]
[Round "8"]
[White "Rifleman"]
[Black "chessnut"]
[WhiteElo "1700"]
[BlackElo "1700"]
[PlyCount "76"]
[Result "0-1"]

1.e4 e6 2.d4 d5 3.exd5 exd5 4.c3 Bd6 5.Bd3 Ne7 
6.Nf3 O-O 7.O-O Bf5 8.Re1 Qd7 9.h3 Nbc6 10.b3 Rfe8 
11.Bxf5 Nxf5 12.g4 Rxe1+ 13.Qxe1 Re8 14.Qf1 Nfe7 
15.Ba3 Ng6 16.Bxd6 Qxd6 17.Nbd2 Nf4 18.Re1 Rxe1 
19.Nxe1 Qh6 20.Kh2 Nxh3 21.Qxh3 Qxd2 22.Qe3 Qxe3 
23.fxe3 Ne7 24.Kg3 c6 25.c4 g5 26.c5 Kg7 27.a4 a5 
28.Nd3 f5 29.b4 axb4 30.Nxb4 fxg4 31.Kxg4 Kg6 
32.Kf3 h5 33.e4 g4+ 34.Kf4 dxe4 35.a5 Nf5 36.Nc2 
g3 37.Ne3 Nxe3 38.Kxe3 h4 0-1

[Event "HCL-B058"]
[Site "www.playchess.de"]
[Date "2001.02.15"]
[Round "19"]
[White "Larryalan"]
[Black "giya"]
[WhiteElo "1200"]
[BlackElo "1500"]
[PlyCount "58"]
[Result "0-1"]

1.e4 g6 2.d4 Bg7 3.e5 d6 4.Nf3 dxe5 5.dxe5 Qxd1+ 
6.Kxd1 Bg4 7.Bf4 Bxf3+ 8.gxf3 Nc6 9.Bb5 O-O-O+ 
10.Nd2 Nxe5 11.Ke2 a6 12.Bd3 Nxd3 13.Bg5 Nxb2 
14.Rab1 Na4 15.Rb4 Nc3+ 16.Ke1 Nxa2 17.Rb3 Nf6 
18.Rb2 Ne4 19.Rxa2 Nxg5 20.Ke2 Ne6 21.Ne4 f5 
22.Ng3 Nf4+ 23.Ke3 Nd5+ 24.Ke2 Nc3+ 25.Kf1 Nxa2 
26.Kg2 Rd2 27.Re1 e5 28.Nf1 Rxc2 29.Ne3 
Rc1 0-1

[Event "HCL-B074"]
[Site "www.playchess.de"]
[Date "2001.02.15"]
[Round "20"]
[White "appieh58"]
[Black "maska"]
[WhiteElo "1340"]
[BlackElo "1200"]
[PlyCount "67"]
[Result "1-0"]

1.e4 e5 2.Nf3 Nc6 3.d4 d6 4.Bb5 Bd7 5.Nc3 Nf6 6.d5 
Na5 7.Bxd7+ Qxd7 8.O-O c6 9.Bg5 Be7 10.Qd3 O-O 
11.b4 cxd5 12.bxa5 dxe4 13.Nxe4 Nxe4 14.Qxe4 f6 
15.Bd2 d5 16.Qh4 e4 17.Nd4 Rac8 18.Qg3 Bd6 19.Qb3 
Be5 20.Be3 Rc4 21.c3 f5 22.f4 Bc7 23.Qxb7 Rxc3 
24.Rfe1 {let's continue...}  Qa4 25.Ne6 Rb8 
26.Qxd5 Qxa5 27.Nxc7+ Qxd5 28.Nxd5 Rc2 29.Rec1 Re2 
30.Rab1 Rd8 31.Rb7 Rxa2 32.Bd4 Rd2 33.Rxg7+ Kf8 
34.Nc7 1-0

[Event "HCL-B087"]
[Site "www.playchess.de"]
[Date "2001.02.15"]
[Round "28"]
[White "CHARON"]
[Black "Matu"]
[WhiteElo "1468"]
[BlackElo "1500"]
[PlyCount "58"]
[Result "0-1"]

1.e4 d5 2.exd5 Qxd5 3.Nc3 Qa5 4.d4 c6 5.Nf3 Nf6 
6.h3 Ne4 7.Bd2 Nxd2 8.Qxd2 e6 9.Bc4 Bb4 10.O-O Nd7 
11.Rfe1 Nb6 12.Bb3 Nd5 13.Bxd5 cxd5 14.a3 Bxc3 
15.bxc3 Bd7 16.Ne5 Qc7 17.Nxd7 Qxd7 18.Rab1 Rc8 
19.Rb3 Rc4 20.Reb1 b6 21.R3b4 Qc6 22.Rxc4 Qxc4 
23.Rb4 Qc7 24.Qc1 Qxc3 25.Ra4 a5 26.Qb1 Qc7 27.Qb3 
O-O 28.c4 Rc8 29.cxd5 Qc1+ 0-1

[Event "HCL-B096"]
[Site "www.playchess.de"]
[Date "2001.02.15"]
[Round "9"]
[White "Rygars"]
[Black "Bill"]
[WhiteElo "1484"]
[BlackElo "1400"]
[PlyCount "81"]
[Result "1-0"]

1.f4 Nf6 2.d3 g6 3.e4 Bg7 4.e5 Nd5 5.c4 Nb6 6.Nf3 
e6 7.Nc3 Nc6 8.Be2 O-O 9.O-O Re8 10.d4 d6 11.b3 a6 
12.Ba3 h5 13.Qd2 Nd7 14.Rae1 b5 15.cxb5 axb5 
16.Nxb5 Ba6 17.exd6 cxd6 18.Bxd6 Bxb5 19.Bxb5 Qb6 
20.Bxc6 Qxc6 21.Be5 {back on the road!! :)}  f6 
{It's been a long break. Hope your holidays were 
good.}  22.Rec1 {They were great thank ya. I hope 
yer were the same or better.}  Qa6 23.Bc7 Bh6 
24.a4 e5 25.dxe5 fxe5 26.Qxd7 Bxf4 27.Rc6 Be3+ 
28.Rf2 {I do not see how ya will avoid the mate on 
back rows, even ya have won a quality.}  Re7 
29.Rxa6 {Ya will lose heavy material.}  Rxd7 
30.Rxa8+ Kh7 31.Ba5 Rd1+ 32.Ne1 Bxf2+ 33.Kxf2 {At 
ease.}  Rb1 34.Rb8 Rc1 35.Rb7+ Kg8 36.Ke3 g5 
37.Nf3 g4 38.Nxe5 Rf1 {Rc5 looked good...turns out 
to be a wasted move.}  39.Rb8+ {This game is lost 
for ya. I do not see how ya can turn it into 
victory or even draw.}  Kg7 {I can agree with you. 
If it's important for you to take the win now, say 
the word. I'd rather finish}  40.Bc3 {Not really. 
It's just waste of my time.}  Rc1 41.Kd2 {It is 
not important to finish this game, but let's face 
it, the game is over for ya.}  1-0

[Event "HCL-B099"]
[Site "www.playchess.de"]
[Date "2001.02.15"]
[Round "29"]
[White "Sturk"]
[Black "Hubble"]
[WhiteElo "1629"]
[BlackElo "1731"]
[PlyCount "57"]
[Result "1-0"]

1.e4 e5 2.Nf3 Nc6 3.Bc4 Bc5 4.c3 Nge7 5.d4 exd4 
6.cxd4 Bb4+ 7.Nc3 O-O 8.O-O Bxc3 9.bxc3 d5 10.exd5 
Nxd5 11.Bg5 Qd6 12.Qc2 Bg4 13.Qe4 Be6 14.Bd3 f5 
15.Qe1 Rae8 16.Qc1 h6 17.Bd2 Nb6 18.Bf4 Qd7 19.Re1 
Bc4 20.Qc2 Ne7 21.Bxc4+ Nxc4 22.Qb3 Qd5 23.Bxc7 
Nc6 24.Qxb7 Qd7 25.Qb3 Qd5 26.Nd2 Nb6 27.Bxb6 Qxb3 
28.axb3 axb6 29.Kf1 1-0

[Event "HCL-B103"]
[Site "www.playchess.de"]
[Date "2001.02.15"]
[Round "2"]
[White "Joe"]
[Black "pdqbach"]
[WhiteElo "1200"]
[BlackElo "1307"]
[PlyCount "40"]
[Result "0-1"]

1.d4 Nf6 2.c4 d5 3.Nf3 Bf5 4.Nc3 e6 5.a3 c5 6.Qa4+ 
Nbd7 7.Bf4 a6 8.e3 Be7 9.Qb3 Ra7 10.cxd5 cxd4 
11.exd4 O-O 12.dxe6 Bxe6 13.Qc2 b5 14.Ng5 Qb6 
15.d5 Bg4 16.Bd3 Bh5 17.Bxh7+ Kh8 18.O-O g6 
19.Rae1 Nc5 20.Be5 Ncd7 0-1

[Event "HCL-B103"]
[Site "www.playchess.de"]
[Date "2001.02.15"]
[Round "3"]
[White "FdeJong"]
[Black "Joe"]
[WhiteElo "1200"]
[BlackElo "1200"]
[PlyCount "27"]
[Result "1-0"]

1.Nf3 Nf6 2.Nc3 g6 3.e3 Bg7 4.Bd3 c6 5.O-O d5 6.g3 
O-O 7.b3 Bg4 8.e4 Nbd7 9.Be2 Nc5 10.Ba3 Ncxe4 
11.Nxe4 Nxe4 12.c3 e5 13.Bxf8 Qxf8 
14.Qc2 1-0

[Event "HCL-B109"]
[Site "www.playchess.de"]
[Date "2001.02.15"]
[Round "6"]
[White "PieceSeeker"]
[Black "antaios"]
[WhiteElo "1277"]
[BlackElo "1255"]
[PlyCount "43"]
[Result "1-0"]

1.e4 e5 2.Nf3 Nc6 3.Bc4 Nf6 4.Nc3 Be7 5.d4 O-O 
6.dxe5 Ne8 7.Nd5 d6 8.Nxe7+ Qxe7 9.Bg5 Qd7 10.exd6 
Nxd6 11.Bd5 Re8 12.O-O Nxe4 13.Re1 Nd6 14.Rxe8+ 
Qxe8 15.Qd2 h6 16.Re1 Qd7 17.Bf4 Ne7 18.Ne5 Qf5 
19.Nxf7 Nxd5 20.Bxd6 Qxf7 21.Ba3 Be6 
22.c4 1-0

[Event "HCL-B115"]
[Site "www.playchess.de"]
[Date "2001.02.15"]
[Round "9"]
[White "Shanice"]
[Black "Sturk"]
[WhiteElo "1500"]
[BlackElo "1632"]
[PlyCount "65"]
[Result "1-0"]

1.d4 d5 2.c4 Nc6 3.cxd5 Qxd5 4.e3 e5 5.Nc3 Bb4 
6.Bd2 Bxc3 7.bxc3 exd4 8.cxd4 Nf6 9.Nf3 O-O 10.Qb3 
Bg4 11.Qxd5 Nxd5 12.Bb5 Nde7 13.Ke2 Nf5 14.Bxc6 
bxc6 15.h3 Bxf3+ 16.Kxf3 Rfe8 17.Rhc1 Ne7 18.Ba5 
Rec8 19.Rab1 Rab8 20.Rxb8 Rxb8 21.Bxc7 Rb7 22.Bd6 
f6 23.Bxe7 Rxe7 24.Rxc6 Rb7 25.e4 Kf7 26.Ke3 Ke7 
27.g3 Kd7 28.d5 Rb2 29.Ra6 Rb7 30.f4 Rc7 31.e5 
fxe5 32.fxe5 Rc3+ 33.Kd4 1-0

[Event "HCL-B122"]
[Site "www.playchess.de"]
[Date "2001.02.15"]
[Round "9"]
[White "Jeff_Foster"]
[Black "Zander"]
[WhiteElo "1231"]
[BlackElo "1200"]
[PlyCount "25"]
[Result "1-0"]

1.e4 e5 2.Nf3 Nc6 3.Bc4 Nf6 4.Ng5 h6 5.Nxf7 Qe7 
6.Nxh8 Nxe4 7.Qh5+ Kd8 8.Nf7+ Ke8 9.Nxe5+ Kd8 
10.Nf7+ Ke8 11.Nxh6+ Kd8 12.Nf7+ Ke8 
13.O-O 1-0

[Event "HCL-B135"]
[Site "www.playchess.de"]
[Date "2001.02.15"]
[Round "27"]
[White "Sturk"]
[Black "BOB"]
[WhiteElo "1635"]
[BlackElo "1652"]
[PlyCount "26"]
[Result "1/2-1/2"]

1.e4 c5 2.Nf3 Nc6 3.d4 cxd4 4.Nxd4 Nf6 5.Nc3 e5 
6.Ndb5 d6 7.Bg5 a6 8.Na3 b5 9.Nd5 Be7 10.Bxf6 Bxf6 
11.c3 O-O 12.Nc2 Rb8 13.h4 Be6 1/2-1/2

[Event "HCL-B136"]
[Site "www.playchess.de"]
[Date "2001.02.15"]
[Round "5"]
[White "Foo_Lee"]
[Black "pdqbach"]
[WhiteElo "1200"]
[BlackElo "1152"]
[PlyCount "20"]
[Result "0-1"]

1.e4 e5 2.Nf3 Nc6 3.d4 exd4 4.Nxd4 Nxd4 5.Qxd4 c5 
6.Qc3 Nf6 7.Bg5 d6 8.e5 Nd5 9.Qd2 f6 10.Bb5+ 
Bd7 0-1

[Event "HCL-B137"]
[Site "www.playchess.de"]
[Date "2001.02.15"]
[Round "1"]
[White "chrisg"]
[Black "Blitzmich"]
[WhiteElo "1419"]
[BlackElo "1200"]
[PlyCount "105"]
[Result "1/2-1/2"]

1.e4 e5 2.f4 exf4 3.Nf3 g5 4.Bc4 Qe7 5.d3 Bg7 
6.Nc3 Bxc3+ 7.bxc3 f5 8.Qe2 fxe4 9.Qxe4 h6 10.h4 
g4 11.Nd4 Qxe4+ 12.dxe4 d6 13.Bxf4 Ne7 14.h5 Nec6 
15.O-O-O Rh7 {Ich bekomme keine mail wann es 
weitergeht! Gruß Ralf}  16.Nf5 {Trotzdem schön, 
daß Du wieder da bist! Gruß Chris}  Bxf5 {Klar, 
ist doch die zweitschönste Nebensache der Welt :-) 
Gruß Ralf}  17.exf5 {Genau!!!! ;-))}  Nd7 {Ich 
glaube die Partie steht hier auf der Kippe, mal 
sehen wo sie hinkippt! Ralf}  18.Rhe1+ {Ja, glaube 
ich auch! Aber bin nicht sicher was nun passieren 
wird! Gruß Chris}  Nce5 19.Be6 Nf6 20.Bxe5 {Na 
denn mal los! Gruß Chris}  dxe5 {Genau, Platz 
machen! Gruß Ralf}  21.Rxe5 {Hallo Ralf, bin heute 
spät dran, daher wünsche ich nur kurz einen 
schönen Abend! Gruß Chris}  Re7 {Nur keinen Streß, 
aber gleichfalls einen schönen Abend. Gruß Ralf}  
22.Rde1 {Guten Morgen!}  Kf8 {Einen schönen Tag 
wünscht Ralf!}  23.a4 {Danke und Dir eine schlne 
Woche! Gruß Chris}  Rd8 {Ja Dir auch! Gruß Ralf}  
24.Rh1 a6 25.Re3 b5 26.axb5 axb5 27.Rd3 Ra8 28.Kb2 
{Habe den Zug schon mal abgeschickt, na ja dann 
nochmal! Gruß Chris}  Kg7 {Doppelt hält besser ;)} 
 29.g3 {Genau, und gleich noch einer! Gruß Chris}  
c5 30.Rd6 Ra5 31.Rd8 Rea7 32.Re1 c4 33.Rd4 {Mir 
fällt überhaupt nichts mehr ein! :-(  Gruß Chris}  
R5a2+ {Mir schon! :)}  34.Kc1 {Ja, das merke ich 
....!!!!}  R2a1+ 35.Kd2 Rxe1 36.Kxe1 Ra1+ 37.Ke2 
Rg1 38.Bd7 Rg2+ {Hi Chris! Bin wieder da! Gruß 
Ralf}  39.Kf1 {Hallo Ralf, eine schöne Woche und 
Gruß Chris!}  Rxg3 {Ja, Dir auch. Wird hier noch 
ne haarige Kiste, aber spannend. Gruß Ralf}  
40.Bxb5 {Ja, denke ich auch! Was ist denn 
eigentlich mit unserem anderen Spiel?}  Rxc3 
{stimmt, ich bekomme von dem Spiel nie eine mail, 
schaue gleich mal nach!!}  41.Bxc4 Rxc2 42.Be6 g3 
43.Rh4 Kf8 44.Rh3 Ne4 45.Bd5 {Ich wünsche Dir 
einen schönen Abend! Gruß Chris}  Nc3 {Dir auch! 
Bin gespannt was Du jetzt machst. Gruß Ralf}  
46.Bb7 {JA, ich auch! ;-)) Gruß Chris}  Ne2 {Na 
gut, den hätte ich auch gespielt. Gruß Ralf}  
47.Bf3 {Ich glaube nicht, daß hier noch einer 
gewinnen wird! Was hältst Du von Remis? Gruß 
Chris}  g2+ {Noch 3-4 Züge o.k.?}  48.Bxg2 {Na 
klar! Gruß Chris}  Nf4 49.Rg3 Nxh5 50.Rb3 Nf6 
51.Rb6 Ke7 52.Re6+ Kf7 53.Re2 1/2-1/2

[Event "HCL-B139"]
[Site "www.playchess.de"]
[Date "2001.02.15"]
[Round "13"]
[White "samar"]
[Black "PDelaquess"]
[WhiteElo "1200"]
[BlackElo "1410"]
[PlyCount "49"]
[Result "1-0"]

1.Nc3 d5 2.e4 dxe4 3.Nxe4 e5 4.Bc4 Nf6 5.Ng5 Nd5 
6.Nxf7 Kxf7 7.Qf3+ Ke6 8.Nh3 c6 9.O-O Qf6 10.d3 
Qxf3 11.Ng5+ Kd6 12.Nxf3 Be7 13.Re1 Nd7 14.d4 exd4 
15.b3 Bf6 16.Bxd5 Kxd5 17.Bb2 Nc5 18.c4+ Kd6 
19.Bxd4 Bxd4 20.Nxd4 Rf8 21.Rad1 Kc7 22.Re7+ Kb6 
23.b4 Nd7 24.c5+ Ka6 25.Ne6 1-0

[Event "HCL-B142"]
[Site "www.playchess.de"]
[Date "2001.02.15"]
[Round "11"]
[White "Matu"]
[Black "Bill"]
[WhiteElo "1513"]
[BlackElo "1055"]
[PlyCount "65"]
[Result "1/2-1/2"]

1.e4 e5 2.Nf3 Nc6 3.Bc4 Nf6 4.Ng5 d5 5.exd5 Na5 
6.Bb5+ c6 7.dxc6 bxc6 8.Qf3 Rb8 9.Bxc6+ Nxc6 
10.Qxc6+ Bd7 11.Qc4 Qe7 12.b3 h6 13.Ba3 Be6 
14.Nxe6 Qxe6 15.Qxe6+ fxe6 16.Bxf8 Rxf8 17.O-O Nd5 
18.a3 Nf4 19.g3 Nh3+ 20.Kg2 Ng5 21.f4 exf4 22.Rxf4 
Rxf4 23.gxf4 Nf7 24.d4 Rc8 25.c4 Rd8 26.Ra2 Rxd4 
27.Rf2 g5 28.fxg5 Nxg5 29.Nd2 e5 30.Re2 Kd7 31.Nf3 
Rg4+ 32.Kf2 Rf4 {I will be away from Feb 19 - 23}  
33.Re3 {Perhaps we have finished til then!!!} 
 1/2-1/2

[Event "HCL-C058"]
[Site "www.playchess.de"]
[Date "2001.02.15"]
[Round "17"]
[White "Nunogomez"]
[Black "Eye_of_the_Tiger"]
[WhiteElo "756"]
[BlackElo "1000"]
[PlyCount "67"]
[Result "1-0"]

1.e3 Nf6 2.Nf3 g6 3.d4 Bg7 4.Bd3 O-O 5.O-O e6 6.c4 
c6 7.b3 Qc7 8.Ba3 Ng4 9.g3 d6 10.Nc3 Re8 11.Ne4 d5 
12.cxd5 cxd5 13.Nd6 Rd8 14.Rc1 Nc6 15.Nb5 Qd7 
16.h3 Nf6 17.Nd6 h6 18.Bb5 a6 19.Bxc6 bxc6 20.Ne5 
Qb7 21.Nxb7 Bxb7 22.Nxc6 Bxc6 23.Rxc6 Rac8 24.Rxa6 
Rde8 25.Qf3 Rc7 26.Rc1 Rxc1+ 27.Bxc1 g5 28.b4 Rb8 
29.a3 Ne8 30.Ra7 Nf6 31.g4 Rc8 32.Bd2 Rc2 33.Qd1 
Rc8 34.Qa4 1-0

[Event "HCL-C097"]
[Site "www.playchess.de"]
[Date "2001.02.15"]
[Round "1"]
[White "Cruz"]
[Black "Jelleyman"]
[WhiteElo "1000"]
[BlackElo "1000"]
[PlyCount "34"]
[Result "0-1"]

1.Nh3 h5 2.e3 d5 3.Bb5+ c6 4.Ba4 Rh6 5.e4 Bg4 6.f3 
b5 7.Bb3 Re6 8.fxg4 hxg4 9.Nf4 Rxe4+ 10.Kf1 Rxf4+ 
11.Kg1 Qb6+ 12.d4 c5 13.g3 Rxd4 14.Qf1 c4 15.Bxc4 
Rxc4+ 16.Kg2 Rxc2+ 17.Bd2 {go}  
Rxb2 0-1

[Event "HCL-C117"]
[Site "www.playchess.de"]
[Date "2001.02.15"]
[Round "9"]
[White "donkey"]
[Black "tiberiuskirk"]
[WhiteElo "1129"]
[BlackElo "986"]
[PlyCount "43"]
[Result "1-0"]

1.e4 e6 2.d4 d5 3.e5 c5 4.c3 Nc6 5.Nf3 Qb6 6.Be2 
cxd4 7.cxd4 Nge7 8.Nc3 Nf5 9.Na4 Qc7 10.O-O Bd7 
11.b3 b5 12.Bxb5 a6 13.Bxc6 Bxc6 14.Nc3 Be7 15.Bg5 
Bxg5 16.Nxg5 O-O 17.Qh5 h6 18.g4 hxg5 19.gxf5 exf5 
20.Qxg5 Bd7 21.Nxd5 Qd8 22.Nf6+ 1-0

[Event "HCL-C120"]
[Site "www.playchess.de"]
[Date "2001.02.15"]
[Round "3"]
[White "ROB"]
[Black "CrazyIan"]
[WhiteElo "1000"]
[BlackElo "1000"]
[PlyCount "25"]
[Result "1-0"]

1.e4 e6 2.d4 Nf6 3.Bd3 Nc6 4.Nf3 Ng4 5.e5 Nh6 
6.Nc3 Ng4 7.h3 Nh6 8.Bg5 Be7 9.h4 Ng4 10.Qe2 h6 
11.Bxe7 Qxe7 12.O-O-O O-O 13.h5 1-0

[Event "HCL-C122"]
[Site "www.playchess.de"]
[Date "2001.02.15"]
[Round "5"]
[White "bazbaz"]
[Black "hammodi"]
[WhiteElo "1000"]
[BlackElo "800"]
[PlyCount "58"]
[Result "0-1"]

1.d4 d5 2.Nc3 Nf6 3.Nf3 Bf5 4.Bg5 e6 5.Ne5 Be7 
6.f4 Nbd7 7.Nb5 c6 8.Nc3 h6 9.Bh4 Bb4 10.a3 Bxc3+ 
11.bxc3 Qa5 12.Qd2 Ne4 13.Qe3 Qxc3+ 14.Qxc3 Nxc3 
15.e3 c5 16.a4 cxd4 17.exd4 Nxe5 18.dxe5 O-O 19.h3 
Rfc8 20.g4 Bxc2 21.Rc1 Bxa4 22.g5 hxg5 23.fxg5 Ne4 
24.Rg1 Rxc1+ 25.Ke2 Bb5+ 26.Kf3 Rxf1+ 27.Rxf1 Bxf1 
28.Kg4 Rc8 29.Kh5 Be2+ 0-1